[Event "Open internationaal tornooi van Gent"]
[Site "Gent Kuipke, Belgium"]
[Date "2022.07.22"]
[Round "6.2"]
[White "Van den Doel, Erik"]
[Black "Flom, Gabriel"]
[Result "0-1"]
[WhiteElo "2589"]
[BlackElo "2410"]
[Annotator "EVL"]
[PlyCount "148"]
[EventDate "2022.??.??"]

{[%evp 0,143,29,26,76,74,57,60,44,21,4,3,3,14,19,21,21,27,23,24,31,25,34,43,30,
32,32,26,32,23,34,-15,-3,0,-10,-4,-2,-4,-4,0,0,4,50,-5,20,28,26,25,10,19,71,-4,
65,51,54,-71,-63,-63,-51,-73,-56,-62,-46,-62,-43,-43,-43,-61,-31,-1,-43,-22,
-26,-16,-18,-49,-18,-14,-14,-49,-49,-62,-35,-181,-178,-181,-181,-192,-187,-192,
-193,-194,-179,-173,-192,-266,-293,-285,-289,-282,-250,-263,-240,-240,-237,
-245,-246,-241,-249,-250,-245,-245,-251,-273,-292,-318,-228,-313,-359,-366,
-329,-364,-374,-374,-377,-356,-371,-409,-313,-330,-327,-349,-363,-454,-455,
-455,-408,-415,-397,-436,-453,-464,-422,-436,-461,-609]} 1. e4 c6 2. d4 d5 3.
exd5 cxd5 4. c4 Nf6 5. Nc3 Nc6 6. Nf3 Bg4 7. Be3 e6 8. c5 Bxf3 9. Qxf3 g6 10.
Bb5 Bg7 11. O-O O-O 12. Rfd1 Nd7 13. Qg3 Rc8 14. Rab1 a6 15. Bf1 Ne7 16. b4 Nf5
17. Qh3 a5 18. a3 axb4 19. axb4 Ra8 20. Nb5 Nb8 21. Bd3 Nxe3 22. fxe3 Nc6 23.
Nd6 Qe7 24. Bb5 e5 25. dxe5 Nxe5 26. Rxd5 Ra3 27. Bc4 Nxc4 28. Nxc4 Qe4 29.
Nxa3 Qxd5 30. e4 Qxe4 31. Qf3 Qd4+ 32. Kh1 Re8 33. h3 Re7 34. Nb5 Qd2 35. Qd1
Qf2 36. Qd8+ Bf8 37. Qd1 Bg7 38. Qd8+ Bf8 39. Qd1 Re4 40. Nc3 Rd4 41. Qg1 Qxg1+
42. Rxg1 Rxb4 43. Nd5 Rb5 44. Nf6+ Kh8 45. Rd1 Bxc5 46. Rd7 Kg7 47. Ng4 Ba7 48.
Rd1 h5 49. Nh2 h4 50. Ng4 Rb2 51. Ne5 Bb8 52. Nd3 Rb5 53. Kg1 Rf5 54. Nb4 Rf4
55. Nd3 Ba7+ 56. Kh2 Rd4 57. g4 Re4 58. Rb1 Re2+ 59. Kh1 Re3 60. Nf2 Rf3 61.
Ne4 Rxh3+ 62. Kg2 Re3 63. Ng5 Re2+ 64. Kh3 Bb8 65. Nf3 Re3 66. Rf1 g5 67. Kg2
Re2+ 68. Kh1 Bf4 69. Nd4 Rb2 70. Nf5+ Kh7 71. Rf3 b5 72. Ra3 b4 73. Ra7 h3 74.
Ne3 Rb1+ 0-1

[Event "Open internationaal tornooi van Gent"]
[Site "Gent Kuipke, Belgium"]
[Date "2022.07.22"]
[Round "6.13"]
[White "Oorebeek, Erwin"]
[Black "De Jong, Jasper"]
[Result "0-1"]
[WhiteElo "2191"]
[BlackElo "2088"]
[Annotator "EVL"]
[PlyCount "80"]
[EventDate "2022.??.??"]

{[%evp 0,80,26,21,41,5,16,-4,-9,-12,6,16,8,6,13,25,23,2,22,0,-3,-30,-29,-29,
-49,-45,-23,-22,-29,-50,-20,-18,-18,-19,-21,-19,-20,-27,-14,-32,-5,-31,-27,-39,
-35,-48,-48,-41,-32,-60,-60,-51,-51,-55,-55,-59,-59,-62,-50,-50,-42,-53,-42,
-88,-92,-90,-88,-90,-98,-98,-99,-103,-96,-122,-118,-129,-57,-57,-50,-190,-198,
-282,-286]} 1. Nf3 e6 2. e3 d5 3. b3 Nf6 4. Bb2 Be7 5. d4 O-O 6. Bd3 c5 7. dxc5
Qa5+ 8. Nbd2 Nbd7 9. a3 Nxc5 10. b4 Nxd3+ 11. cxd3 Qa6 12. Qb3 Bd7 13. a4 Qb6
14. b5 Rfc8 15. O-O a6 16. Bd4 Bc5 17. Bxc5 Rxc5 18. d4 Rc7 19. Ne5 axb5 20.
Nxd7 Nxd7 21. axb5 Rac8 22. Qb4 Nf6 23. Nb3 Ne4 24. f3 Nd6 25. Nc5 Qxb5 26.
Qxb5 Nxb5 27. Rfb1 Nd6 28. Kf2 Kf8 29. Ke2 Ke7 30. Kd3 b5 31. Ra6 Nb7 32. Rxb5
Nxc5+ 33. dxc5 Rxc5 34. Rxc5 Rxc5 35. f4 Kf6 36. Ra7 h6 37. h4 g5 38. fxg5+
hxg5 39. h5 Rc4 40. g3 Rg4 0-1

[Event "Open internationaal tornooi van Gent"]
[Site "Gent Kuipke, Belgium"]
[Date "2022.07.22"]
[Round "6.11"]
[White "Schoffelmeer, Frans"]
[Black "Lammens, Tim"]
[Result "0-1"]
[WhiteElo "2044"]
[BlackElo "2255"]
[PlyCount "40"]
[EventDate "2022.??.??"]

1. e4 c6 2. d4 d5 3. f3 e6 4. Nc3 Bb4 5. Bf4 Ne7 6. Nge2 O-O 7. a3 Ba5 8. b4
Bb6 9. Na4 Bc7 10. Bxc7 Qxc7 11. e5 a5 12. Ng3 axb4 13. axb4 f6 14. f4 Ng6 15.
Nc5 Rxa1 16. Qxa1 Nxf4 17. Ne2 fxe5 18. dxe5 Ng6 19. Nd3 Nd7 20. h4 Ndxe5 0-1

[Event "Open internationaal tornooi van Gent"]
[Site "Gent Kuipke, Belgium"]
[Date "2022.07.22"]
[Round "6.7"]
[White "Balje, Jan"]
[Black "Wubben, Marcel"]
[Result "1/2-1/2"]
[WhiteElo "2190"]
[BlackElo "2012"]
[PlyCount "20"]
[EventDate "2022.??.??"]

1. c4 g6 2. Nc3 Bg7 3. d4 Nf6 4. e4 d6 5. Nf3 O-O 6. Be2 e5 7. O-O Nbd7 8. Re1
c6 9. Bf1 a5 10. dxe5 dxe5 1/2-1/2

[Event "Open internationaal tornooi van Gent"]
[Site "Gent Kuipke, Belgium"]
[Date "2022.07.22"]
[Round "6.12"]
[White "Pauwels, Xander"]
[Black "Domalchuk-Jonasson, Aleksandr"]
[Result "1-0"]
[WhiteElo "2040"]
[BlackElo "2244"]
[PlyCount "51"]
[EventDate "2022.??.??"]

1. d4 Nf6 2. c4 e6 3. g3 d5 4. Bg2 Bb4+ 5. Bd2 a5 6. a3 Be7 7. Nf3 O-O 8. Qc2
c6 9. O-O Nbd7 10. Rd1 b6 11. Be1 Ba6 12. Nbd2 c5 13. cxd5 Bxe2 14. dxe6 fxe6
15. Ng5 cxd4 16. Nxe6 Qc8 17. Qb3 Bxd1 18. Rxd1 Ra7 19. Nf3 Kh8 20. Nxf8 Bxf8
21. Nxd4 h6 22. Nb5 Ra6 23. Bc3 Nc5 24. Qf7 Nce4 25. Bxf6 Nxf6 26. Bb7 1-0

[Event "Open internationaal tornooi van Gent"]
[Site "Gent Kuipke, Belgium"]
[Date "2022.07.23"]
[Round "7.5"]
[White "Omelja, Artem"]
[Black "Hulshof, Peter"]
[Result "1-0"]
[WhiteElo "2478"]
[BlackElo "2134"]
[Annotator "EVL"]
[PlyCount "93"]
[EventDate "2022.??.??"]

{[%evp 0,93,24,16,16,12,12,2,46,44,39,33,33,43,23,47,40,33,50,67,95,86,75,73,
74,84,72,96,84,66,75,75,75,70,68,74,76,70,69,64,51,61,78,61,65,58,81,93,85,85,
98,92,88,73,67,61,64,66,58,59,56,54,56,47,56,46,53,70,71,52,83,79,80,87,115,
119,103,112,98,112,107,113,116,149,152,189,189,203,236,326,530,742,1132,1205,
1279,1406]} 1. Nf3 d5 2. e3 Nf6 3. c4 c6 4. Nc3 g6 5. d4 Bg7 6. Be2 O-O 7. O-O
Bg4 8. cxd5 Nxd5 9. h3 Nxc3 10. bxc3 Bf5 11. Qb3 Qb6 12. Ba3 Re8 13. Bc4 Qxb3
14. Bxb3 Bd3 15. Rfe1 Nd7 16. Ng5 e6 17. Rad1 Ba6 18. Ne4 b6 19. Nd6 Red8 20.
e4 Nf6 21. e5 Ne8 22. Ne4 Rd7 23. f4 Rad8 24. Kf2 Bf8 25. Bxf8 Kxf8 26. Ke3 Bb7
27. g4 c5 28. dxc5 Bxe4 29. Kxe4 bxc5 30. Rxd7 Rxd7 31. Bc4 Rb7 32. f5 gxf5+
33. gxf5 exf5+ 34. Kxf5 f6 35. Rg1 fxe5 36. Kxe5 Ke7 37. Kd5 Rc7 38. Bb5 Nf6+
39. Ke5 Nd7+ 40. Bxd7 Kxd7 41. Rg7+ Kc6 42. Rxc7+ Kxc7 43. Kd5 Kb6 44. c4 h5
45. h4 a6 46. Kd6 Ka5 47. Kxc5 1-0

[Event "Open internationaal tornooi van Gent"]
[Site "Gent Kuipke, Belgium"]
[Date "2022.07.23"]
[Round "7.4"]
[White "Stone, Andrew M"]
[Black "Van den Doel, Erik"]
[Result "0-1"]
[WhiteElo "2096"]
[BlackElo "2589"]
[PlyCount "76"]
[EventDate "2022.??.??"]

1. Nf3 d5 2. c4 e6 3. g3 g6 4. Bg2 Bg7 5. d4 Ne7 6. Nc3 O-O 7. cxd5 exd5 8. O-O
c6 9. Bf4 Bg4 10. Qd2 Nd7 11. Bh6 Bxh6 12. Qxh6 Nf5 13. Qd2 Bxf3 14. Bxf3 a5
15. Rad1 Nd6 16. Qf4 Nf6 17. g4 Re8 18. g5 Nfe4 19. h4 Rc8 20. e3 Rc7 21. Bxe4
Nxe4 22. f3 Nxc3 23. bxc3 f6 24. Rde1 Rf7 25. Qg3 fxg5 26. hxg5 Rf5 27. f4 Qe7
28. Re2 b5 29. Qf3 Qa3 30. e4 dxe4 31. Rxe4 Ref8 32. Qe3 Qxa2 33. Re8 a4 34.
Re7 a3 35. Rf2 Qb3 36. Qh3 R5f7 37. Rxf7 Qxf7 38. Qg2 Qc4 0-1

[Event "Open internationaal tornooi van Gent"]
[Site "Gent Kuipke, Belgium"]
[Date "2022.07.23"]
[Round "7.9"]
[White "De Vogelaere, Robin"]
[Black "Balje, Jan"]
[Result "1-0"]
[WhiteElo "2044"]
[BlackElo "2190"]
[PlyCount "29"]
[EventDate "2022.??.??"]

1. d4 Nf6 2. c4 e6 3. g3 d5 4. Bg2 Bb4+ 5. Nd2 O-O 6. Ngf3 dxc4 7. Qc2 b5 8. a4
c6 9. axb5 cxb5 10. Ng5 h6 11. h4 g6 12. Nxf7 Kxf7 13. Bxa8 Qxd4 14. O-O Qb6
15. Nf3 1-0

[Event "Open internationaal tornooi van Gent"]
[Site "Gent Kuipke, Belgium"]
[Date "2022.07.23"]
[Round "7.3"]
[White "Palchuk, Andrii"]
[Black "Van der Stricht, Geert"]
[Result "1/2-1/2"]
[WhiteElo "2248"]
[BlackElo "2401"]
[PlyCount "51"]
[EventDate "2022.??.??"]

1. d4 Nf6 2. c4 e6 3. g3 d5 4. Nf3 Bb4+ 5. Bd2 Be7 6. Bg2 c6 7. Qc2 O-O 8. O-O
Nbd7 9. Rd1 b6 10. Ne5 Nxe5 11. dxe5 Nd7 12. cxd5 cxd5 13. Bc3 Bb7 14. e4 dxe4
15. Bxe4 Bxe4 16. Qxe4 Qc7 17. Nd2 Nc5 18. Qe2 Qb7 19. Qf3 Qxf3 20. Nxf3 Rfd8
21. Kf1 Na4 22. Bd4 Rac8 23. Rac1 Kf8 24. Ke2 Ke8 25. b3 Nc5 26. Bxc5 1/2-1/2

[Event "Open internationaal tornooi van Gent"]
[Site "Gent Kuipke, Belgium"]
[Date "2022.07.23"]
[Round "7.11"]
[White "Wubben, Marcel"]
[Black "Duijker, Rick"]
[Result "0-1"]
[WhiteElo "2012"]
[BlackElo "2194"]
[Annotator "EVL"]
[PlyCount "72"]
[EventDate "2022.??.??"]

{[%evp 0,72,24,24,24,2,43,45,62,48,63,44,40,33,33,32,51,36,28,31,39,33,44,-12,
6,17,32,0,0,-29,-18,-18,-59,-31,-46,-30,-50,-24,-22,0,0,-21,0,0,0,0,0,0,17,7,
52,-60,-48,-50,-56,-84,-84,-75,-10,-36,-32,-29,-99,-59,-121,-121,0,-323,-207,
-289,-279,-240,-268,-1107,-1167]} 1. d4 Nf6 2. c4 c5 3. d5 b5 4. cxb5 a6 5. b6
d6 6. Nc3 Nbd7 7. e4 g6 8. Nf3 Bg7 9. Be2 Rb8 10. O-O O-O 11. a4 Nxb6 12. a5
Na8 13. e5 Ng4 14. exd6 exd6 15. Nd2 f5 16. Nc4 Ne5 17. Re1 Rb4 18. Ra4 Rxa4
19. Nxa4 Nxc4 20. Bxc4 Qxa5 21. Re7 Nb6 22. Nxb6 Qxb6 23. Qe2 f4 24. b3 Qd8 25.
Ra7 Re8 26. Qd2 f3 27. Rxg7+ Kxg7 28. Bb2+ Kg8 29. Qc3 Re5 30. Qxf3 Re1+ 31.
Bf1 Qe7 32. Qc3 Bf5 33. Qh8+ Kf7 34. Qxh7+ Ke8 35. Qh8+ Kd7 36. Qc3 Qe2 0-1

[Event "Open internationaal tornooi van Gent"]
[Site "Gent Kuipke, Belgium"]
[Date "2022.07.23"]
[Round "7.13"]
[White "Leemans, Huub"]
[Black "Tomme, Lowie"]
[Result "1/2-1/2"]
[WhiteElo "2021"]
[BlackElo "2139"]
[PlyCount "80"]
[EventDate "2022.??.??"]

1. d4 d5 2. Nf3 Nf6 3. g3 e6 4. Bg2 c5 5. O-O Nc6 6. c4 dxc4 7. Ne5 Bd7 8. Na3
cxd4 9. Naxc4 Rc8 10. Qb3 Nxe5 11. Nxe5 Bc6 12. Nxc6 bxc6 13. Rd1 c5 14. Bg5
Qd7 15. Rac1 Be7 16. e3 O-O 17. Bxf6 Bxf6 18. e4 Be7 19. Bf1 Rb8 20. Qc2 e5 21.
Bd3 Rfc8 22. b3 Bg5 23. Rb1 Rb6 24. Bc4 Rh6 25. Bf1 Be7 26. Qd3 Rb8 27. Rbc1
Rf6 28. Rc2 h5 29. f3 h4 30. g4 Rg6 31. Kh1 Rgb6 32. Qd2 Qd8 33. Bd3 Bg5 34.
Qe2 Qf8 35. Rc4 Rb4 36. Bc2 Rxc4 37. Qxc4 Rb4 38. Qd5 Bf4 39. Bd3 Rb6 40. Qd7
a5 1/2-1/2

[Event "Open internationaal tornooi van Gent"]
[Site "Gent Kuipke, Belgium"]
[Date "2022.07.23"]
[Round "7.2"]
[White "Flom, Gabriel"]
[Black "Maerevoet, Sim"]
[Result "1/2-1/2"]
[WhiteElo "2410"]
[BlackElo "2409"]
[PlyCount "75"]
[EventDate "2022.??.??"]

1. d4 d5 2. c4 e6 3. Nc3 Nf6 4. cxd5 exd5 5. Bg5 c6 6. e3 h6 7. Bh4 Be7 8. Bd3
O-O 9. Bg3 Re8 10. Nf3 Be6 11. h3 Nbd7 12. O-O a6 13. Ne5 Nxe5 14. Bxe5 Nd7 15.
Bh2 Bf6 16. Qf3 Nf8 17. a4 a5 18. Rab1 Ng6 19. Qh5 Nh4 20. Bg3 g6 21. Qd1 Nf5
22. Bh2 Bg7 23. Ne2 Nd6 24. b4 axb4 25. Rxb4 Bc8 26. Nc3 c5 27. Rb1 cxd4 28.
exd4 Be6 29. Be5 Re7 30. Bxg7 Kxg7 31. Re1 Qa5 32. Rc1 Rc7 33. Nb5 Nxb5 34.
axb5 Rxc1 35. Qxc1 Qd8 36. Qe3 Qf6 37. Rc1 Ra3 38. g4 1/2-1/2

[Event "Open internationaal tornooi van Gent"]
[Site "Gent Kuipke, Belgium"]
[Date "2022.07.23"]
[Round "7.8"]
[White "Lammens, Tim"]
[Black "Pauwels, Xander"]
[Result "1/2-1/2"]
[WhiteElo "2255"]
[BlackElo "2040"]
[Annotator "EVL"]
[PlyCount "114"]
[EventDate "2022.??.??"]

{[%evp 0,114,24,12,24,-12,41,46,48,43,40,12,10,13,20,19,29,29,33,-2,13,-1,-11,
-60,-58,-58,-58,-38,-23,7,47,77,127,99,99,118,112,100,91,47,81,63,48,48,91,61,
72,43,65,79,92,61,63,58,66,68,106,84,97,97,97,81,110,66,92,87,86,89,91,97,77,
94,79,68,77,72,72,84,80,57,49,34,27,0,24,0,17,14,52,52,51,46,46,37,21,23,82,16,
14,0,25,25,15,25,27,35,35,35,35,36,30,8,3,0,3,1,0]} 1. Nf3 Nf6 2. g3 b5 3. Bg2
Bb7 4. O-O e6 5. b3 Be7 6. c4 b4 7. Bb2 c5 8. a3 a5 9. e3 d6 10. d4 Nbd7 11. d5
exd5 12. Nh4 O-O 13. cxd5 Ba6 14. Re1 c4 15. bxc4 Bxc4 16. axb4 axb4 17. Rxa8
Qxa8 18. Nf5 Bd8 19. Qd4 Bxd5 20. Bxd5 Qxd5 21. Qxd5 Nxd5 22. Bxg7 Re8 23. Bb2
Bc7 24. Rd1 N7b6 25. Nd2 Na4 26. Bd4 Ndc3 27. Ra1 d5 28. Nb3 Be5 29. Bxc3 Nxc3
30. Ra7 Bg7 31. Rb7 Bf8 32. Nbd4 Ra8 33. Nc6 Ne4 34. Nce7+ Bxe7 35. Nxe7+ Kg7
36. Rxb4 Ra1+ 37. Kg2 Ra2 38. Nxd5 Nxf2 39. Kf3 Nh3 40. e4 Rxh2 41. e5 Ng5+ 42.
Ke3 Ne6 43. Rg4+ Kf8 44. Nf6 Ng7 45. Ra4 Ke7 46. Ra6 Nf5+ 47. Kf3 Rb2 48. g4
Nh4+ 49. Ke4 Ng6 50. Nd5+ Kd7 51. Ra7+ Kd8 52. Rxf7 Re2+ 53. Ne3 Nxe5 54. Kxe5
Rxe3+ 55. Kf6 Rf3+ 56. Kg7 Rg3 57. Kxh7 Rxg4 1/2-1/2

[Event "Open internationaal tornooi van Gent"]
[Site "Gent Kuipke, Belgium"]
[Date "2022.07.23"]
[Round "7.7"]
[White "Stuer, Marc"]
[Black "Froeyman, Helmut"]
[Result "1/2-1/2"]
[WhiteElo "2045"]
[BlackElo "2289"]
[PlyCount "46"]
[EventDate "2022.??.??"]

1. d4 f5 2. Nf3 Nf6 3. g3 e6 4. Bg2 d5 5. O-O Bd6 6. c4 c6 7. Nc3 O-O 8. Qc2
Nbd7 9. cxd5 cxd5 10. Nb5 Bb8 11. Bf4 Bxf4 12. gxf4 Ne8 13. Rac1 Nb6 14. Nc7
Nxc7 15. Qxc7 Nc4 16. Qxd8 Rxd8 17. b3 Nd6 18. Ne5 Bd7 19. Rc7 Bb5 20. Bf3 Rac8
21. Rfc1 Rxc7 22. Rxc7 Rc8 23. Rxc8+ Nxc8 1/2-1/2

[Event "Open internationaal tornooi van Gent"]
[Site "Gent Kuipke, Belgium"]
[Date "2022.07.23"]
[Round "7.10"]
[White "McMichael, Richard J"]
[Black "Clemens, Adrian"]
[Result "1-0"]
[WhiteElo "2139"]
[BlackElo "2080"]
[PlyCount "83"]
[EventDate "2022.??.??"]

1. b3 d5 2. Bb2 Bg4 3. f3 Bf5 4. e4 dxe4 5. Nc3 Nf6 6. Qe2 exf3 7. Nxf3 c6 8.
h3 Nbd7 9. O-O-O e6 10. g4 Bg6 11. h4 h5 12. g5 Ng4 13. d4 Be7 14. Bh3 Qa5 15.
Nd2 Nb6 16. Kb1 O-O-O 17. Nce4 Nd5 18. Nc4 Nf4 19. Qf3 Qf5 20. Ncd2 Nxh3 21.
Qxh3 Qf4 22. Rhf1 Qe3 23. Qg2 f5 24. gxf6 gxf6 25. Rde1 Qh6 26. Nc4 Bxe4 27.
Rxe4 f5 28. Re2 Rhe8 29. Qg1 Kb8 30. Bc1 Qg6 31. Bf4+ Ka8 32. Rf3 Qf6 33. Rd3
Qxh4 34. Rxe6 Bf8 35. d5 cxd5 36. Bg3 Qg5 37. Rxe8 Rxe8 38. Rxd5 Qf6 39. Ra5 b6
40. Nxb6+ Kb7 41. Nd5 Qc6 42. Rxa7+ 1-0

[Event "Open internationaal tornooi van Gent"]
[Site "Gent Kuipke, Belgium"]
[Date "2022.07.23"]
[Round "7.1"]
[White "Michiels, Bart"]
[Black "Sivuk, Vitaly"]
[Result "0-1"]
[WhiteElo "2571"]
[BlackElo "2565"]
[Annotator "EVL"]
[PlyCount "196"]
[EventDate "2022.??.??"]

{[%evp 0,196,24,24,24,2,6,-14,33,-24,-34,-24,-24,-20,-3,-16,16,-17,4,6,1,-2,
-13,-16,-12,5,7,-63,-58,-35,-10,-10,-14,-14,-14,-23,-13,-13,-22,0,-18,-7,0,0,
-23,-15,-22,-6,-6,0,-4,-18,-9,14,-5,-18,-20,-42,-34,-51,-50,-24,0,-20,-21,-29,
-5,-7,6,-50,-34,-62,-62,-59,-22,-96,-92,-90,-97,-94,-78,-88,-54,-51,-41,-74,
-23,-27,-29,-27,-35,-54,-47,-58,-56,-87,-76,-77,-99,-97,-98,-89,-89,-87,-87,
-90,-73,-86,-99,-88,-97,-109,-84,-100,-100,-112,-112,-113,-102,-111,-90,-56,
-40,-36,-34,-36,-38,-35,-27,-27,-27,-25,-14,-15,-15,-18,-14,-15,-15,-15,-16,
-15,-15,-15,-17,-15,-15,-15,-15,-19,-20,-22,-21,-31,-27,-28,-38,-38,-28,-28,
-28,-30,-30,-388,-388,-386,-394,-394,-394,-547,-394,-394,-394,-557,-567,-1012,
-1022,-1022,-394,-394,-394,-394,-394,-567,-567,-577,-1011,-1429,-29972,-29973,
-29974,-29975,-28297,-29967,-29980,-29981,-29982,-29983,-29984]} 1. d4 d5 2. c4
e6 3. Nc3 Bb4 4. Qa4+ Nc6 5. e3 Nf6 6. Bd2 O-O 7. a3 Bd6 8. f4 Bd7 9. Qc2 b6
10. Nf3 Ne7 11. Bd3 c5 12. dxc5 Bxc5 13. e4 dxc4 14. Bxc4 Ng4 15. b4 Ne3 16.
Qd3 Nxc4 17. Qxc4 Bd6 18. O-O Rc8 19. Qe2 Ng6 20. e5 Be7 21. Rac1 a5 22. Nb5
axb4 23. axb4 Bc6 24. Nfd4 Ba8 25. Rxc8 Qxc8 26. f5 exf5 27. Nxf5 Bd5 28. Nxe7+
Nxe7 29. Nd6 Qe6 30. Bc3 Qg6 31. Rf2 Be6 32. Qc2 Qh5 33. Bd4 Nd5 34. Qe2 Qh4
35. Qe4 Qxe4 36. Nxe4 Ra8 37. Nc3 Nxb4 38. Bxb6 Nd3 39. Rd2 Bc4 40. h3 h6 41.
Bc7 Ra3 42. Ne4 Be6 43. Kh2 Nf4 44. Rf2 Ng6 45. Nc5 Re3 46. Rf3 Re2 47. Nd3 Bc4
48. Nf4 Nxf4 49. Rxf4 Bd5 50. Rg4 Kh7 51. Rg3 g5 52. Bd8 Rxe5 53. h4 Kg6 54.
hxg5 hxg5 55. Rd3 Be6 56. Kg1 Re2 57. Ba5 Ra2 58. Bd2 Bf5 59. Rd6+ Kh5 60. Rd5
Kg6 61. g4 Be6 62. Rxg5+ Kf6 63. Be3 Re2 64. Bf4 Re4 65. Bd2 Bxg4 66. Rc5 Re2
67. Bc3+ Kg6 68. Be5 Bf3 69. Bc7 Be4 70. Kf1 Ra2 71. Ke1 f5 72. Rc4 Kg5 73. Rd4
Kg4 74. Rd2 Ra1+ 75. Kf2 f4 76. Re2 Bd3 77. Rd2 Rf1+ 78. Kg2 f3+ 79. Kh2 Be4
80. Rd4 Re1 81. Rxe4+ Rxe4 82. Kg1 Rc4 83. Bb8 Rc8 84. Bd6 Rd8 85. Bc7 Rd7 86.
Bb8 Kf5 87. Kf1 Ke4 88. Kf2 Rb7 89. Bd6 Rb5 90. Ba3 Rd5 91. Bc1 Rh5 92. Ba3
Rh2+ 93. Kf1 Rc2 94. Be7 f2 95. Kg2 Ke3 96. Bh4 Rb2 97. Bg3 f1=Q+ 98. Kxf1 Kf3
0-1

[Event "Open internationaal tornooi van Gent"]
[Site "Gent Kuipke, Belgium"]
[Date "2022.07.23"]
[Round "7.12"]
[White "Torn, Bert"]
[Black "Van den Bosch, Arno"]
[Result "1/2-1/2"]
[WhiteElo "2144"]
[BlackElo "2028"]
[PlyCount "45"]
[EventDate "2022.??.??"]

1. e4 c5 2. Nf3 e6 3. g3 Nc6 4. Bg2 d6 5. O-O Nge7 6. c3 d5 7. e5 b5 8. d4 cxd4
9. cxd4 Qb6 10. Nc3 Bd7 11. Be3 Nf5 12. g4 Nfe7 13. h4 h6 14. Qd2 Na5 15. b3
O-O-O 16. Rfc1 Kb8 17. Ne2 Nec6 18. Ne1 h5 19. g5 g6 20. Nd3 Rc8 21. Nc5 Rc7
22. Nf4 Ne7 23. Nxd7+ 1/2-1/2

[Event "Open internationaal tornooi van Gent"]
[Site "Gent Kuipke, Belgium"]
[Date "2022.07.23"]
[Round "7.6"]
[White "De Jong, Jasper"]
[Black "Burdalev, Kirill"]
[Result "1/2-1/2"]
[WhiteElo "2088"]
[BlackElo "2381"]
[Annotator "EVL"]
[PlyCount "100"]
[EventDate "2022.??.??"]

{[%evp 0,100,24,21,21,14,21,17,24,18,13,4,29,21,48,42,39,7,42,26,23,15,55,42,
36,42,52,32,50,62,92,83,113,113,85,41,41,64,52,86,64,56,48,-38,-38,-23,-33,-40,
-51,-58,-50,-62,-15,-12,0,0,-8,-7,0,0,0,0,0,0,0,0,0,-97,-98,-98,-98,-98,-68,
-68,-74,-80,-114,-117,-122,-129,-127,-122,-127,-134,-127,-134,-126,-126,-81,
-130,-113,-205,-72,-85,-85,-85,-85,-108,-88,-85,-108,-89,-89]} 1. e4 e5 2. Nf3
Nc6 3. Bc4 Bc5 4. d3 Nf6 5. Nc3 h6 6. Be3 Bb4 7. O-O d6 8. a3 Ba5 9. h3 O-O 10.
Nd2 Ne7 11. f4 exf4 12. Bxf4 Ng6 13. Be3 Bxc3 14. bxc3 d5 15. exd5 Nxd5 16. Bc5
Re8 17. Qf3 Be6 18. Rae1 Qd7 19. Bd4 b6 20. Ne4 c5 21. Bxc5 bxc5 22. Nxc5 Qc7
23. Nxe6 fxe6 24. Rxe6 Rxe6 25. Bxd5 Qb6+ 26. d4 Rf8 27. Qe4 Rxf1+ 28. Kxf1 Nf8
29. c4 Kh8 30. Bxe6 Nxe6 31. c5 Qa6+ 32. Kf2 Qc4 33. Ke3 Qc3+ 34. Qd3 Qe1+ 35.
Qe2 Qg1+ 36. Qf2 Qxf2+ 37. Kxf2 Nxd4 38. a4 Kg8 39. Ke3 Ne6 40. c6 Kf7 41. Ke4
Ke7 42. Ke5 Nc5 43. a5 Na6 44. c3 Nc7 45. g4 Nb5 46. Kf5 Kf7 47. Ke5 Ke7 48.
Kf5 Kf7 49. Ke5 Ke7 50. Kf5 Kf7 1/2-1/2

[Event "Open internationaal tornooi van Gent"]
[Site "Gent Kuipke, Belgium"]
[Date "2022.07.23"]
[Round "8.5"]
[White "Maerevoet, Sim"]
[Black "De Vogelaere, Robin"]
[Result "1-0"]
[WhiteElo "2409"]
[BlackElo "2044"]
[Annotator "EVL"]
[PlyCount "87"]
[EventDate "2022.??.??"]

{[%evp 0,87,24,-20,42,-10,-1,-12,-9,10,-2,0,69,-8,-8,-7,-14,-29,-26,-21,-7,9,5,
46,46,45,4,19,7,-5,-7,-1,-3,-5,23,-6,0,15,7,-5,-22,-43,9,18,8,-9,-8,-20,-16,
-49,40,67,58,-25,-28,-24,-15,-2,-20,-18,194,196,206,206,202,202,202,202,202,
202,204,202,210,210,233,253,274,223,267,354,354,367,404,401,414,401,409,421,
1417,1695]} 1. c4 g6 2. h4 Nf6 3. Nc3 d6 4. d4 Bg7 5. e4 e5 6. d5 a5 7. a3 Nbd7
8. Bg5 h6 9. Be3 Nc5 10. f3 Bd7 11. b4 axb4 12. axb4 Rxa1 13. Qxa1 Nb3 14. Qd1
Nd4 15. Nge2 Nxe2 16. Nxe2 Nh5 17. g4 Qf6 18. Bg2 Nf4 19. Kf2 O-O 20. Qd2 g5
21. hxg5 hxg5 22. Ng3 Ra8 23. Bf1 Ra1 24. Qb2 Ra4 25. Nf5 Bxf5 26. gxf5 Qd8 27.
Kg3 Qa8 28. Qh2 Kf8 29. Qh7 Rxb4 30. Qh8+ Bxh8 31. Rxh8+ Ke7 32. Rxa8 Rb1 33.
Kf2 Rb2+ 34. Kg1 Rb3 35. Bxf4 gxf4 36. Kf2 Rb2+ 37. Be2 Rb1 38. Ra5 b6 39. Ra7
Kd7 40. f6 Rh1 41. Ra8 Rh2+ 42. Kf1 Rh1+ 43. Kg2 Rh6 44. c5 1-0

[Event "Open internationaal tornooi van Gent"]
[Site "Gent Kuipke, Belgium"]
[Date "2022.07.23"]
[Round "8.9"]
[White "Duijker, Rick"]
[Black "Stuer, Marc"]
[Result "1-0"]
[WhiteElo "2194"]
[BlackElo "2045"]
[Annotator "EVL"]
[PlyCount "103"]
[EventDate "2022.??.??"]

{[%evp 0,103,24,24,77,55,44,29,27,29,29,43,58,7,16,34,11,3,4,3,-14,-56,-66,-70,
-91,-120,-92,-235,-145,-144,-163,-134,-138,-151,-116,-192,-138,-85,-72,-65,-37,
-45,-44,-34,-21,-19,-23,-91,29,36,41,0,-29,-28,-41,-47,-12,-39,-36,-36,0,-146,
31,26,68,0,0,0,0,0,0,0,-1,6,-9,-2,-17,0,0,0,0,0,0,8,22,34,29,35,49,59,0,0,86,
90,175,158,158,159,164,273,364,497,509,527,717,750]} 1. d4 f5 2. Bg5 h6 3. Bh4
g5 4. Bg3 Nf6 5. e3 Bg7 6. c4 d6 7. Nc3 O-O 8. h4 g4 9. Bd3 Nc6 10. Qb1 Nh5 11.
Nge2 e5 12. d5 Nb4 13. f4 Qe7 14. Kd2 Bd7 15. a3 Na6 16. Bf2 Rae8 17. g3 Nc5
18. b4 exf4 19. exf4 Nxd3 20. Qxd3 Nf6 21. Bd4 c6 22. Rhe1 a6 23. Rad1 cxd5 24.
Nxd5 Nxd5 25. Bxg7 Qxg7 26. Qxd5+ Be6 27. Qd4 Qc7 28. Rc1 Qc6 29. Qd3 Qg2 30.
Kc3 Rc8 31. Kb2 Rfd8 32. Ka1 Qf3 33. Qxf3 gxf3 34. Nd4 Bxc4 35. Nxf3 Bd5 36.
Nd4 Be4 37. Kb2 Kf7 38. g4 Rxc1 39. Kxc1 Rc8+ 40. Kd2 Rc4 41. Nxf5 Bxf5 42.
gxf5 Rxf4 43. Re6 Rxh4 44. Rxd6 Rh3 45. a4 b5 46. a5 Rb3 47. Rxh6 Rxb4 48. Rxa6
Ra4 49. Ra8 Ke7 50. a6 Kd7 51. a7 Kc6 52. Rc8+ 1-0

[Event "Open internationaal tornooi van Gent"]
[Site "Gent Kuipke, Belgium"]
[Date "2022.07.23"]
[Round "8.11"]
[White "Musabayeva, Diana"]
[Black "Goormachtigh, Johan"]
[Result "1/2-1/2"]
[WhiteElo "1949"]
[BlackElo "2128"]
[PlyCount "58"]
[EventDate "2022.??.??"]

1. e4 c5 2. Nf3 e6 3. d4 cxd4 4. Nxd4 Nc6 5. Nc3 Qc7 6. Be3 a6 7. Qd2 Nf6 8. f3
Bb4 9. a3 Be7 10. g4 b5 11. Bd3 Ne5 12. Nce2 Bb7 13. h4 Nc4 14. Bxc4 Qxc4 15.
g5 Nh5 16. Nf4 Nxf4 17. Bxf4 Rc8 18. O-O-O d5 19. Kb1 b4 20. b3 Qc3 21. Qxc3
bxc3 22. exd5 Bxd5 23. Ka2 O-O 24. Rd3 Rc5 25. Ne2 Rfc8 26. Be3 Ra5 27. Bc1
Rac5 28. Be3 Ra5 29. Bc1 Rac5 1/2-1/2